00351nam a2200133Ia 4500008004100000020001500041041001200056082001600068100002400084245005500108260003100163300000800194650001500202221030s9999 xx 000 0 und d a8126117230 aEnglish a105.23bSom aNe. Thi. Somashekar 0aMoney Banking International Trade & Public Finance bAnmol PubaNew Delhic2004 a727 aManagement